| 000 | 00724nam a2200241 a 4500 | ||
|---|---|---|---|
| 001 | BRCA_2723 | ||
| 005 | 20190320203936.0 | ||
| 008 | 031208s1958----mx-a---###---#000-0#spa-u | ||
| 050 | 4 |
_aN6713 _b.C67 1958 |
|
| 100 | 1 |
_aCossio del Pomar, Felipe _97693 |
|
| 245 | 1 | 0 |
_aArte del Perú colonial _cFelipe Cossio del Pomar ; dibujos de Emilio Sánchez y Robert Davison. |
| 260 |
_aMéxico _bFCE _c1958 |
||
| 300 |
_axix, 253 p. _bil. _c32 cm. |
||
| 500 | _aIncluye índice alfabético. | ||
| 500 | _aAA61 | ||
| 504 | _aBibliografía: p. 241-242 | ||
| 650 | 1 | 4 |
_aArte _xHistoria _97694 |
| 650 | 1 | 4 |
_aArte _zPerú _97695 |
| 700 | 1 |
_aSánchez, Emilio _97696 |
|
| 700 | 1 |
_aDavison, Robert _97697 |
|
| 902 | _aGFM | ||
| 942 |
_2lcc _cB |
||
| 999 |
_c2463 _d2463 |
||